| 000 | 005070000a22001810004500 | ||
|---|---|---|---|
| 003 | MACL | ||
| 005 | 20160331132729.0 | ||
| 008 | 160331b xxu||||| |||| 00| 0 eng d | ||
| 040 |
_aMACL _cMACL |
||
| 041 | _aHindi | ||
| 082 | _a300 | ||
| 100 |
_aअरविंद जैन _949265 |
||
| 245 | _aऔरत होने की सजा | ||
| 260 |
_bविकास पेपर बैक्स _c1994 _aदिल्ली |
||
| 350 | _a50 | ||
| 650 |
_aSociology _949266 |
||
| 942 |
_cHIN _k300 _2ddc |
||
| 999 |
_c20136 _d20136 |
||